The scale of smuggling out of Bangladesh / (Record no. 31399)
[ view plain ]
| 000 -LEADER | |
|---|---|
| fixed length control field | 01095cam a2200313 i 4500 |
| 001 - CONTROL NUMBER | |
| control field | 2246132 |
| 003 - CONTROL NUMBER IDENTIFIER | |
| control field | BDDh-ASL |
| 005 - DATE AND TIME OF LATEST TRANSACTION | |
| control field | 20231015031251.0 |
| 008 - FIXED-LENGTH DATA ELEMENTS--GENERAL INFORMATION | |
| fixed length control field | 770606s1975 bg b 000 0 eng |
| 010 ## - LIBRARY OF CONGRESS CONTROL NUMBER | |
| LC control number | 76902621 |
| 020 ## - INTERNATIONAL STANDARD BOOK NUMBER | |
| Terms of availability | Tk5.00 |
| 040 ## - CATALOGING SOURCE | |
| Original cataloging agency | DLC |
| Transcribing agency | BDDh-ASL |
| Modifying agency | DLC |
| 041 ## - LANGUAGE CODE | |
| Language code of text/sound track or separate title | eng |
| 043 ## - GEOGRAPHIC AREA CODE | |
| Geographic area code | a-bg--- |
| 050 00 - LIBRARY OF CONGRESS CALL NUMBER | |
| Classification number | HJ7239.B36 |
| Item number | R4 |
| 082 00 - DEWEY DECIMAL CLASSIFICATION NUMBER | |
| Classification number | 364.133 |
| Item number | RES |
| 100 1# - MAIN ENTRY--PERSONAL NAME | |
| Personal name | Reddaway, William Brian. |
| 245 14 - TITLE STATEMENT | |
| Title | The scale of smuggling out of Bangladesh / |
| Statement of responsibility, etc. | by W. B. Reddaway and Md. Mizanur Rahman. |
| 260 ## - PUBLICATION, DISTRIBUTION, ETC. | |
| Place of publication, distribution, etc. | Dacca : |
| Name of publisher, distributor, etc. | Bangladesh Institute of Development Studies, |
| Date of publication, distribution, etc. | 1975. |
| 300 ## - PHYSICAL DESCRIPTION | |
| Extent | 22 p. : |
| Other physical details | map ; |
| Dimensions | 26 cm. |
| 490 1# - SERIES STATEMENT | |
| Series statement | Research report series - Bangladesh Institute of Development Studies ; |
| Volume/sequential designation | new ser. no. 21 |
| 650 #0 - SUBJECT ADDED ENTRY--TOPICAL TERM | |
| Topical term or geographic name entry element | Smuggling |
| Geographic subdivision | Bangladesh. |
| 650 #0 - SUBJECT ADDED ENTRY--TOPICAL TERM | |
| Topical term or geographic name entry element | Rice |
| General subdivision | Prices |
| Geographic subdivision | Bangladesh. |
| 650 #0 - SUBJECT ADDED ENTRY--TOPICAL TERM | |
| Topical term or geographic name entry element | Jute fiber |
| General subdivision | Prices |
| Geographic subdivision | Bangladesh. |
| 700 1# - ADDED ENTRY--PERSONAL NAME | |
| Personal name | Rahman, Mizanur, |
| Relator term | joint author. |
| 830 #0 - SERIES ADDED ENTRY--UNIFORM TITLE | |
| Uniform title | Research report series (Bangladesh Institute of Development Studies) ; |
| Volume/sequential designation | new ser. no. 21. |
| 906 ## - LOCAL DATA ELEMENT F, LDF (RLIN) | |
| a | 7 |
| b | cbc |
| c | orignew |
| d | 4 |
| e | ncip |
| f | 19 |
| g | y-gencatlg |
| 942 ## - ADDED ENTRY ELEMENTS (KOHA) | |
| Source of classification or shelving scheme | Dewey Decimal Classification |
| Koha item type | Books |
| Withdrawn status | Lost status | Source of classification or shelving scheme | Damaged status | Not for loan | Collection code | Home library | Current library | Shelving location | Date acquired | Source of acquisition | Total Checkouts | Full call number | Barcode | Date last seen | Copy number | Price effective from | Koha item type | Public note |
|---|---|---|---|---|---|---|---|---|---|---|---|---|---|---|---|---|---|---|
| Dewey Decimal Classification | Non-fiction | Asiatic Society Library | Asiatic Society Library | General Stacks | 03/26/2023 | ASB Library Collections | 364.133 RES | 120055 | 03/26/2023 | C-1 | 03/26/2023 | Books | Y-1975 |